Normal view
MARC view
- قانون الضرائب - فرض الضرائب - السياسة الجبائية المالية العامة
Entry Topical Term
001 - CONTROL NUMBER
- control field: 21433
003 - CONTROL NUMBER IDENTIFIER
- control field: JO-AjAnu
005 - DATE AND TIME OF LATEST TRANSACTION
- control field: 20230606073720.0
008 - FIXED-LENGTH DATA ELEMENTS
- fixed length control field: 230606|| aca||aabn | a|a d
040 ## - CATALOGING SOURCE
- Original cataloging agency: JO-AjAnu
- Transcribing agency: JO-AjAnu
150 ## - HEADING--TOPICAL TERM
- Topical term or geographic name entry element: قانون الضرائب - فرض الضرائب - السياسة الجبائية المالية العامة
670 ## - SOURCE DATA FOUND
- Source citation: Work cat.: (JO-AjAnu)11011: البدراني ، قبس حسن عواد , author 21432, المركز القانوني للمكلف الضريبي " دراسة تحليلية مقارنة "